000 00321nam a22001337a 4500
020 _a81-8052-061-7
041 _aENG
100 _aGhosh.M.K
245 _aMeasurement & Instrumentation Ttends & Applications
260 _aNew Delhi
_bAne Books India
_c2008
300 _a666
650 _aEOES
856 _uEOES ( 39 )
999 _c1326
_d1326